Торгова карта Украïнськоï Соцiялiстичноï Радянськоï Республiки (Запись № 13540130)
[ простой вид ]
| 000 -МАРКЕР | |
|---|---|
| контрольное поле | 01597nem0a2200289 4500 |
| 001 - ИДЕНТИФИКАТОР ЗАПИСИ | |
| контрольное поле | RU\NLR\BIBL_A\022690584 |
| 005 - ИДЕНТИФИКАТОР ВЕРСИИ | |
| контрольное поле | 20260201142228.0 |
| 035 ## - ДРУГИЕ СИСТЕМНЫЕ НОМЕРА | |
| Идентификатор записи | (NLR Aleph) 022690584 |
| 100 ## - ДАННЫЕ ОБЩЕЙ ОБРАБОТКИ | |
| Данные общей обработки | 20251218d1929 m y0rusy50 ca |
| 101 0# - ЯЗЫК РЕСУРСА | |
| Язык текста, звукозаписи и т.д. | украинский |
| 102 ## - СТРАНА ПУБЛИКАЦИИ ИЛИ ПРОИЗВОДСТВА | |
| Страна публикации | российская федерация |
| 120 ## - ПОЛЕ КОДИРОВАННЫХ ДАННЫХ: КАРТОГРАФИЧЕСКИЕ МАТЕРИАЛЫ - ОБЩИЕ ХАРАКТЕРИСТИКИ | |
| Кодированные данные о картографическом материале (общие) | bya xx|| |
| 123 1# - ПОЛЕ КОДИРОВАННЫХ ДАННЫХ: КАРТОГРАФИЧЕСКИЕ МАТЕРИАЛЫ - МАСШТАБ И КООРДИНАТЫ | |
| Тип масштаба | a |
| Постоянное отношение линейного горизонтального масштаба | 750000 |
| 200 1# - ЗАГЛАВИЕ И СВЕДЕНИЯ ОБ ОТВЕТСТВЕННОСТИ | |
| Основное заглавие | Торгова карта Украïнськоï Соцiялiстичноï Радянськоï Республiки |
| Общее обозначение материала | Карты |
| Параллельное заглавие | Сarte Commerciale de la Republique Socialistique Ukrainienne des Soviets |
| Сведения, относящиеся к заглавию | Склад. НКТ УСРР за материал. Наркомторг'у Цстат. управ ЦКОИУ УСРР |
| Первые сведения об ответственности | Виконана та видана НКВС УСРР |
| 206 ## - ОБЛАСТЬ СПЕЦИФИЧЕСКИХ СВЕДЕНИЙ: КАРТОГРАФИЧЕСКИЕ МАТЕРИАЛЫ - МАТЕМАТИЧЕСКИЕ ДАННЫЕ | |
| Сведения о математических данных | 1:750 000, 750 м в 1 см |
| 210 ## - ПУБЛИКАЦИЯ, РАСПРОСТРАНЕНИЕ И ДР. | |
| Место издания, распространения и т.д. | [Харкiв] |
| Имя издателя, распространителя и т. д. | НКВС УСРР |
| Дата издания, распространения и т.д. | 1929 |
| 215 ## - ФИЗИЧЕСКАЯ ХАРАКТЕРИСТИКА | |
| Специфическое обозначение материала и объем | 1 к. (4 л.) |
| Другие сведения о физической характеристике | цв.,текст |
| Размеры | 70х100 см |
| 327 1# - ПРИМЕЧАНИЯ О СОДЕРЖАНИИ | |
| Текст примечания | Доп. карты: Карта Союзу Радян. Соц. Республiк.- 1:25 000; Загальна карта зернових культур.- 1:3 000 000; [Виробництво та заготiвлю продуктiв Сiльского господарства] |
| 509 01 - ЗАГОЛОВОК -СТРУКТУРИРОВАННОЕ ГЕОГРАФИЧЕСКОЕ ИЛИ ТЕМАТИЧЕСКОЕ НАИМЕНОВАНИЕ | |
| Графика поля | Кириллица |
| Географическое / тематическое наименование – начальный элемент ввода | Украинская ССР |
| Системный номер авторитетной/нормативной записи | 2633645 |
| Идентификатор авторитетной / нормативной записи | RU\NLR\auth_crt\55469 |
| 606 1# - НАИМЕНОВАНИЕ ТЕМЫ КАК ПРЕДМЕТ | |
| Наименование темы | Торговля |
| Формальный подзаголовок | Карты |
| Системный номер авторитетной/нормативной записи | 906647 |
| Идентификатор авторитетной/нормативной записи | RU\NLR\AUTH\6610658 |
| 607 ## - ГЕОГРАФИЧЕСКОЕ НАИМЕНОВАНИЕ КАК ПРЕДМЕТ | |
| Географическое наименование | Украинская ССР |
| Системный номер авторитетной/нормативной записи | 1019239 |
| Идентификатор авторитетной/нормативной записи | RU\NLR\AUTH\6671513 |
| 608 ## - ФОРМА, ЖАНР, ФИЗИЧЕСКИЕ ХАРАКТЕРИСТИКИ ДОКУМЕНТА КАК ТОЧКА ДОСТУПА | |
| Начальный элемент ввода | Сельскохозяйственные карты |
| Системный номер авторитетной/нормативной записи | 1411586 |
| Идентификатор авторитетной/нормативной записи | RU\NLR\AUTH\66283168 |
| 852 ## - МЕСТОНАХОЖДЕНИЕ И ШИФР ХРАНЕНИЯ | |
| Идентификатор организации | NLR |
| Наименование фонда или коллекции (Sub-Location Identifier) | К |
| Шифр хранения (Call Number) | 4-Укр 4-127 |
| Идентификатор единицы | 5304 |
| 942 ## - ДОПОЛНИТЕЛЬНЫЕ ЭЛЕМЕНТЫ ЗАПИСИ (АБИС) | |
| Тип экземпляра АБИС | Карта |
| 980 ## - КОЛЛЕКЦИЯ | |
| Название коллекции | Национальная библиография |
Нет доступных экземпляров.